000 00755nam a2200217Ia 4500
003 GCL
008 140319s9999 xx 000 0 ara d
020 _a8 519 85516 1
040 _aGCL /
_cGCL
082 0 4 _a305.90691
_bك ب
100 1 _aكوربرشوك، مارسيل
245 1 0 _aالبدوى الاخير :
_bالقبائل البدوية فى الصحراء العربية /
_cكوربرشوك، مارسيل
250 _aالثانية
260 _aبيروت :
_bدار الساقى ،
_c2003
300 _a318 ص ؛
_c24 سم
650 0 4 _aالقبائل العربية
650 0 4 _aالبدو
650 0 4 _aالمجتمع البدوى
650 0 4 _aالمجتمعات البدوية - العالم العربى
942 _2ddc
_cBK
999 _c8187
_d8187